| Tag |
First Indicator |
Second Indicator |
Subfields |
| LEADER |
00000cam a2200000 a 4500 |
| 001 |
in00001386621 |
| 005 |
20151020050906.0 |
| 008 |
970410s1997 it b i100 0 eng d |
| 020 |
|
|
|a 9251039305
|
| 035 |
|
|
|a (OCoLC)36717024
|
| 035 |
|
|
|9 AHL6496AM
|
| 040 |
|
|
|a DJB
|c DJB
|d C3L
|d UtOrBLW
|
| 045 |
|
|
|a x4x-
|
| 049 |
|
|
|a TXAM
|
| 090 |
|
|
|a SH1
|b .F23 no.549
|
| 111 |
2 |
|
|a Workshop on the Role of Financial Institutions in Strengthening National Fisheries Industries and Privatization of Fisheries Investment in Small Island Developing States
|d (1996 :
|c Port of Spain, Trinidad and Tobago)
|
| 245 |
1 |
0 |
|a Report of the Workshop on the Role of Financial Institutions in Strengthening National Fisheries Industries and Privatization of Fisheries Investment in Small Island Developing States, Port of Spain, Trinidad and Tobago, 24-28 June 1996.
|
| 264 |
|
1 |
|a Rome :
|b Food and Agriculture Organization of the United Nations,
|c 1997.
|
| 300 |
|
|
|a vi, 158 pages ;
|c 30 cm.
|
| 336 |
|
|
|a text
|b txt
|2 rdacontent
|
| 337 |
|
|
|a unmediated
|b n
|2 rdamedia
|
| 338 |
|
|
|a volume
|b nc
|2 rdacarrier
|
| 490 |
1 |
|
|a FAO fisheries report,
|x 0429-9337 ;
|v no. 549
|
| 500 |
|
|
|a "FIIT/R549(En)."
|
| 504 |
|
|
|a Includes bibliographical references (pages 90-93).
|
| 650 |
|
0 |
|a Fisheries
|v Congresses.
|
| 650 |
|
0 |
|a Privatization
|v Congresses.
|
| 650 |
|
0 |
|a Fishery management
|v Congresses.
|
| 700 |
1 |
|
|a Tietze, U.
|
| 710 |
2 |
|
|a Food and Agriculture Organization of the United Nations.
|
| 830 |
|
0 |
|a FAO fisheries report.
|x 0429-9337 ;
|v no. 549.
|
| 999 |
|
|
|a MARS
|
| 999 |
f |
f |
|s 9abc8d17-3c5c-3624-98e0-b59b997b6065
|i 99e1da9d-e78e-37b1-8e3c-96ffbf607601
|t 0
|
| 952 |
f |
f |
|p ric
|a Texas A&M University
|b Rellis Campus
|c Joint Library Facility
|d Remote Storage
|t 0
|e SH331c .F2 no.549
|h Library of Congress classification
|i unmediated -- volume
|m A14821546092
|
| 998 |
f |
f |
|a SH331c .F2 no.549
|t 0
|l Remote Storage
|